Impact of the touristic development on the vegetation of Agios Mamas Lagoon (Macedonia, Greece)
Saved in:
| Main Author: | |
|---|---|
| Other Authors: | |
| Format: | Book |
| Language: | English |
| Published: |
Thessaloniki :
Goulandris Natural History Museum Dreek Biotope/Wetland Centre,
1993
|
| Subjects: | |
| Tags: |
Add Tag
No Tags, Be the first to tag this record!
|
MARC
| LEADER | 00000cam a2200000 i 4500 | ||
|---|---|---|---|
| 001 | 1/7261 | ||
| 008 | 960730s1993 eng d | ||
| 035 | |l 10016641 | ||
| 040 | |a GR-MY-UA |b gre |e aacr | ||
| 041 | 0 | |a eng | |
| 082 | 0 | |a 574.5263650949565 | |
| 100 | 1 | |a Μπαμπαλωνάς, Δημήτριος Γ. | |
| 245 | 1 | 0 | |a Impact of the touristic development on the vegetation of Agios Mamas Lagoon (Macedonia, Greece) / |c D. Babalonas ; Eva Papastergiadou |
| 260 | |a Thessaloniki : |b Goulandris Natural History Museum Dreek Biotope/Wetland Centre, |c 1993 | ||
| 300 | |a 8 p. |b tabl., fig. | ||
| 650 | 0 | 0 | |a Wetland ecology |z Greece |z Agios Mamas Lagoon. |
| 650 | 0 | 0 | |a Wetland conservation |z Greece |z Agios Mamas Lagoon. |
| 700 | 1 | |a Παπαστεργιάδου, Εύα. | |
| 852 | |a INST |b LESVOS |e 19960730 |h 574.5263650949565 ΜΠΑ |p 005100009377 |q 005100009377 |t BK |y 0 | ||
| 909 | |a Λ |b 034093 | ||
| 970 | |z 2000/05/ΟΙΚΟΝΟΜΟΠΟΥΛΟΥ ΧΡΙΣΤΙΝΑ | ||